000 00587nam a2200241Ia 4500
003 OSt
005 20221007100416.0
006 a|||||r|||| 00| 0
007 ta
008 221006b |||||||| |||| 00| 0 eng d
024 _a4,369
037 _cTextual
040 _aLCO
_cLCO
_beng
041 _2eng
_aeng
082 _aZ, L7
100 _aGRIFFITH J A G
245 0 _aPolitics of the judiciary
260 _aFontana
_bCollins
_c1977
300 _a224
650 _aJUDICIARY
_9701632
942 _hZ, L7
_cTEXL
999 _c1173932
_d1173932